[Event "Prva liga Centralne Srbije"]
[Site "Golubac"]
[Date "2008.09.21"]
[Round "2.6"]
[White "Nikolic, Stanimir"]
[Black "Nikolic, Boban"]
[Result "0-1"]
[WhiteElo "2291"]
[BlackElo "2222"]
[PlyCount "82"]
[EventDate "2008.09.20"]

1. d4 Nf6 2. c4 g6 3. Nc3 d5 4. Nf3 Bg7 5. e3 O-O 6. Be2 c6 7. O-O dxc4 8. Bxc4
Bg4 9. h3 Bxf3 10. Qxf3 Nbd7 11. Rd1 Qc7 12. b3 e5 13. a4 exd4 14. exd4 Rad8
15. Bf4 Qa5 16. Rab1 Nb6 17. Be5 Nfd5 18. Bxg7 Kxg7 19. Ne4 Nd7 20. Rbc1 N7f6
21. Nc5 Qc7 22. Nd3 Ne7 23. Nf4 Rd7 24. Rd3 Rfd8 25. Rcd1 Qa5 26. Re3 Nf5 27.
Re5 Nxd4 28. Qe3 Nf3+ 29. gxf3 Rxd1+ 30. Kg2 Qd2 31. Re7 Rd7 32. Ne6+ Kg8 33.
Rxd7 Nxd7 34. Nd8 Qxe3 35. fxe3 Ne5 36. Nxb7 Nxc4 37. bxc4 Rb1 38. Na5 c5 39.
Nc6 a6 40. a5 Rc1 41. Nb8 Ra1 0-1

[Event "Prva liga Centralne Srbije"]
[Site "Golubac"]
[Date "2008.09.21"]
[Round "2.6"]
[White "Todorovic, Bojan"]
[Black "Milunovic, Toni"]
[Result "1-0"]
[WhiteElo "2277"]
[BlackElo "2318"]
[PlyCount "82"]
[EventDate "2008.09.20"]

1. e4 c5 2. Nf3 d6 3. d4 cxd4 4. Nxd4 Nf6 5. Nc3 a6 6. Be2 e6 7. a4 b6 8. Bf3
e5 9. Nf5 h6 10. O-O d5 11. Qe2 d4 12. Nd5 g6 13. Nxd4 Bg7 14. Nxf6+ Qxf6 15.
Nb3 Qc6 16. Be3 Be6 17. Rfd1 Nd7 18. Rd2 O-O 19. Qd1 Rfe8 20. c3 Nc5 21. Nxc5
bxc5 22. b3 Rab8 23. c4 Bf8 24. h4 Qb6 25. Rd3 Red8 26. Rxd8 Rxd8 27. Qc2 Rb8
28. Rb1 a5 29. h5 g5 30. Bd2 Bd6 31. Be2 Bc7 32. Bc3 Rd8 33. Rd1 Rxd1+ 34. Bxd1
Qd6 35. Qd2 Qxd2 36. Bxd2 Kg7 37. g3 Kf6 38. Kg2 Ke7 39. f3 Kf8 40. Be2 Ke7 41.
Be3 Bb6 {necitko} 1-0

[Event "Prva liga Centralne Srbije"]
[Site "Golubac"]
[Date "2008.09.21"]
[Round "2.6"]
[White "Tosic, Nebojsa"]
[Black "Trickovic, Borivoje"]
[Result "1-0"]
[WhiteElo "2210"]
[BlackElo "2266"]
[PlyCount "91"]
[EventDate "2008.09.20"]

1. e4 Nf6 2. e5 Nd5 3. c4 Nb6 4. c5 Nd5 5. Bc4 c6 6. Qf3 d6 7. Nc3 dxe5 8. Nxd5
cxd5 9. Bxd5 e6 10. Bxb7 Bxb7 11. Qxb7 Nd7 12. b4 Rb8 13. Qe4 Qc7 14. Nf3 Be7
15. a3 O-O 16. O-O f5 17. Qc4 Qc6 18. Bb2 Bf6 19. Rfe1 e4 20. Bxf6 Rxf6 21. Nd4
Qd5 22. Qxd5 exd5 23. f4 a6 24. Rab1 Rc8 25. Rec1 Nb8 26. Kf2 Nc6 27. Nxc6
Rfxc6 28. Ke3 d4+ 29. Kf2 Kf7 30. Rc4 Rd8 31. a4 e3+ 32. Ke2 Rg6 33. g3 Rh6 34.
Rh1 exd2 35. Kxd2 Re6 36. c6 d3 37. Re1 Red6 38. b5 axb5 39. axb5 Rb8 40. Rc5
Ra8 41. Kc3 Ra2 42. Kb3 Re2 43. Rxf5+ Ke6 44. Rxe2+ Kxf5 45. Rd2 Ke4 46. c7 1-0